Serie A Coaches with the Most Scudetti - Statistics

General Stats
  • This quiz has been taken 31 times
  • The average score is 5 of 17
Answer Stats
Titles Coach % Correct
6 Allegri
97%
5 Conte
97%
5 Lippi
66%
3 Mancini
55%
7 Trapattoni
55%
5 Cappello
48%
2 Mourinho
45%
3 Herrera
21%
2 Liedholm
10%
2 Rocco
10%
3 Parola
7%
3 Weisz
7%
2 Vycpalek
3%
4 Carcano
0%
2 Ferrero
0%
2 Foni
0%
2 Viani
0%
No matching quizzes found
Score Distribution
Percent of People with Each Score
Percentile by Number Answered
Your Score History
You have not taken this quiz